000 00486nam a2200205Ia 4500
005 20240823044941.0
008 240823s9999||||xx |||||||||||||| ||und||
020 _a81-259-1000-X
041 _aENGLISH
082 _A579 P4
100 _aKumar H D
245 0 _aModern Concepts of Microbiology
250 _a2nd
260 _c2004
_bVikas Publishing
500 _aYES
650 _aMicrobiology
_bBio Medical Engg.
700 _a Swati Kumar
942 _cBK
999 _c213816
_d213816